000 00676nam a2200229Ia 4500
003 OSt
005 20221005133753.0
006 a|||||r|||| 00| 0
007 ta
008 221004b |||||||| |||| 00| 0 pan d
024 _a27810
037 _cTextual
040 _aCRL
_cCRL
_bpan
041 _2pan
_apan
082 _aV2y7M89, 153M4
100 _aਜਸਵੰਤ ਸਿੰਘ
245 0 _aਨਹਿਰੂ ਦੀ ਕਹਾਣੀ - ਨਵ-ਭਾਰਤ ਦੀ ਕਹਾਣੀ
260 _c1984
650 _aਭਾਰਤੀਯ ਇਤਿਹਾਸ
942 _hV2y7M89, 153M4
_cTEXL
_2cc
999 _c1067836
_d1067836